Toutes les techniques de Monkey D. Luffy - Statistiques

Statistiques générales
  • Ce quiz a été pris 31 fois
    6 depuis la dernière actualisation
  • Le résultat moyen est 47 sur 128
Statistiques - réponses
Gear Techniques % Correct
Sans Gear Gomu Gomu no Pistol
100%
Sans Gear Gomu Gomu no Bazooka
83%
Gear Fourth : Bound Man Gomu Gomu no King Kong Gun
67%
Gear Fourth : Bound Man Gomu Gomu no Kong Gun
67%
Gear Second Gomu Gomu no Red Hawk
67%
Gear Fourth : Bound Man Gomu Gomu no Rhino Schneider
67%
Sans Gear Gomu Gomu no Bullet
50%
Gear Fourth : Bound Man Gomu Gomu no Culverin
50%
Gear Thrid Gomu Gomu no Gigant Bazooka
50%
Gear Thrid Gomu Gomu no Gigant Pistol
50%
Gear Thrid Gomu Gomu no Grizzly Magnum
50%
Gear Second Gomu Gomu no Jet Bazooka
50%
Gear Second Gomu Gomu no Jet Pistol
50%
Gear Thrid Gomu Gomu no Red Roc
50%
Sans Gear Gomu Gomu no Stamp
50%
Gear Fifth Gomu Gomu Dawn Rocket
33%
Gear Fifth Gomu Gomu Dawn Whip
33%
Gear Fifth Gomu Gomu Evasion Rocket
33%
Gear Fifth Gomu Gomu Fuusen
33%
Gear Fifth Gomu Gomu Gigant
33%
Sans Gear Gomu Gomu no Ame
33%
Sans Gear Gomu Gomu no Ami
33%
Sans Gear Gomu Gomu no Baku Baku
33%
Gear Fourth : Snake Man Gomu Gomu no Black Mamba
33%
Sans Gear Gomu Gomu no Boh
33%
Sans Gear Gomu Gomu no Bowgun
33%
Sans Gear Gomu Gomu no Cannon
33%
Gear Fourth : Tank Man Gomu Gomu no Cannon Ball
33%
Sans Gear Gomu Gomu no Dameda
33%
Gear Fourth : Bound Man Gomu Gomu no Double Culverin
33%
Gear Second Gomu Gomu no Eagle Bazooka
33%
Gear Thrid Gomu Gomu no Eléphant Gatling Gun
33%
Gear Thrid Gomu Gomu no Eléphant Gun
33%
Sans Gear Gomu Gomu no Flail
33%
Sans Gear Gomu Gomu no Fuusen
33%
Sans Gear Gomu Gomu no Gatling Gun
33%
Gear Thrid Gomu Gomu no Gigant Axe
33%
Gear Thrid Gomu Gomu no Gigant Fuusen
33%
Gear Second et Gear Third Gomu Gomu no Gigant Jet Shell
33%
Gear Thrid Gomu Gomu no Giganto Haitataki
33%
Gear Thrid Gomu Gomu no Gigant Ono
33%
Gear Thrid Gomu Gomu no Gigant Rifle
33%
Gear Third Gomu Gomu no Gigant Rocket
33%
Gear Thrid Gomu Gomu no Gigant Stamp
33%
Gear Thrid Gomu Gomu no Gigant Tsuppari
33%
Gear Third Gomu Gomu no Gigant Whip
33%
Sans Gear Gomu Gomu no Golden Rifle
33%
Gear Thrid Gomu Gomu no Grizzly Corkscrew Magnum
33%
Sans Gear Gomu Gomu no Hanabi
33%
Sans Gear Gomu Gomu no Hanabi Ogon Botan
33%
Gear Second Gomu Gomu no Hawk Axe
33%
Gear Second Gomu Gomu no Hawk Bullet
33%
Gear Second Gomu Gomu no Hawk Gatling
33%
Gear Second Gomu Gomu no Hawk Rifle
33%
Gear Second Gomu Gomu no Hawk Stamp
33%
Gear Second Gomu Gomu no Hawk Twin Pistol
33%
Gear Second Gomu Gomu no Hawk Whip
33%
Sans Gear Gomu Gomu no Hook
33%
Gear Fourth : Snake Man Gomu Gomu no Hydra
33%
Sans Gear Gomu Gomu no Ikebana
33%
Gear Second Gomu Gomu no Jet Axe
33%
Gear Second Gomu Gomu no Jet Bullet
33%
Gear Second Gomu Gomu no Jet Cannon
33%
Gear Fourth : Snake Man Gomu Gomu no Jet Culverin
33%
Gear Second Gomu Gomu no Jet Gatling
33%
Gear Second Gomu Gomu no Jet Hammer
33%
Gear Second Gomu Gomu no Jet Lance
33%
Gear Second Gomu Gomu no Jet Mace
33%
Gear Second Gomu Gomu no Jet Migawari
33%
Gear Second Gomu Gomu no Jet Missile
33%
Gear Second Gomu Gomu no Jet Rifle
33%
Gear Second Gomu Gomu no Jet Rocket
33%
Gear Second Gomu Gomu no Jet Spear
33%
Gear Second Gomu Gomu no Jet Stamp
33%
Gear Second Gomu Gomu no Jet Tonkachi
33%
Gear Second Gomu Gomu no Jet Whip
33%
Gear Second Gomu Gomu no Jet Yari
33%
Sans Gear Gomu Gomu no Kama
33%
Sans Gear Gomu Gomu no Kane
33%
Sans Gear Gomu Gomu no Kazagurama
33%
Sans Gear Gomu Gomu no Kazan
33%
Gear Fourth : Snake Man Gomu Gomu no King Cobra
33%
Sans Gear Gomu Gomu no Koma
33%
Gear Fourth : Bound Man Gomu Gomu no Kong Gatling
33%
Gear Fourth : Bound Man Gomu Gomu no Kong Organ
33%
Gear Fourth : Bound Man Gomu Gomu no Kong Rifle
33%
Gear Fourth : Bound Man Gomu Gomu no Leo Bazooka
33%
Sans Gear Gomu Gomu no Marunokogiri
33%
Sans Gear Gomu Gomu no Mikita Robo
33%
Sans Gear Gomu Gomu no Mikita Robo Kick
33%
Sans Gear Gomu Gomu no Mikita Robo Punch
33%
Sans Gear Gomu Gomu no Muchi
33%
Sans Gear Gomu Gomu no Ogama
33%
Sans Gear Gomu Gomu no Ogon Rifle
33%
Sans Gear Gomu Gomu no Ono
33%
Gear Fourth : Bound Man Gomu Gomu no Over Kong Gun
33%
Sans Gear Gomu Gomu no Ozuchi
33%
Sans Gear Gomu Gomu no Pachinko
33%
Sans Gear Gomu Gomu no Rifle
33%
Gear Thrid Gomu Gomu no Roc Gatling
33%
Gear Thrid Gomu Gomu no Roc Gun
33%
Sans Gear Gomu Gomu no Rocket
33%
Sans Gear Gomu Gomu no Sei Ken Teki
33%
Sans Gear Gomu Gomu no Sensuikan
33%
Sans Gear Gomu Gomu no Shotgun
33%
Sans Gear Gomu Gomu no Snake Shot
33%
Sans Gear Gomu Gomu no Soucoupe Volante
33%
Sans Gear Gomu Gomu no Spring Bullet
33%
Sans Gear Gomu Gomu no Stamp Gatling
33%
Sans Gear Gomu Gomu no Storm
33%
Sans Gear Gomu Gomu no Tako
33%
Sans Gear Gomu Gomu no Tako Hanabi
33%
Sans Gear Gomu Gomu no Tako Stamp
33%
Sans Gear Gomu Gomu no Tate
33%
Sans Gear Gomu Gomu no Thank You Fire
33%
Gear Thrid Gomu Gomu no Thor Eléphant Gun
33%
Sans Gear Gomu Gomu no Tonkachi
33%
Sans Gear Gomu Gomu no Tsuchi
33%
Sans Gear Gomu Gomu no Tsuppari
33%
Gear Second Gomu Gomu no Twin Jet Pistol
33%
Sans Gear Gomu Gomu no Yari
33%
Sans Gear Gomu Gomu no Yo-Yo
33%
Gear Fifth Gomu Gomu Saut à la Corde
33%
Gear Fifth Gomu Gomu Star Gun
33%
Gear Fifth Gomu Gomu Taupe Bullet
33%
Gear Thrid Hone Fuusen
33%
Gear Fourth : Bound Man Kinniku Fuusen
33%
Sans Gear/Aqua Luffy Mizu Mizu no Pistol
33%
Aucun quiz correspondant
Distribution des résultats
% des personnes avec chaque résultat
Percentile par nombre de réponses
Votre historique - résultats
Vous n’avez pas pris ce quiz depuis la dernière actualisation